000 00433nam a2200145Ia 4500
008 151213s9999 xx 000 0 und d
100 _aOvendo, C.J. & McLaren, P.
245 _aThe politics of multiculturalism and bilingual education
_cOvendo, C.J. & McLaren, P.
260 _aBoston
_bMcGraw hill
_c2000
300 _a1731 p.
650 _aEducation
650 _aReference
700 _aOvendo, C.J. & McLaren, P.
999 _c1275
_d1275